[Event "Rheinland Pfalz Seniors op"]
[Site "Altenkirchen"]
[Date "2023.09.07"]
[Round "3"]
[White "Bachmann, Rolf"]
[Black "Judt, Gerhard"]
[Result "1-0"]
[WhiteElo "1849"]
[BlackElo "1521"]
[PlyCount "75"]
[EventDate "2023.09.05"]
[EventType "swiss"]
[EventRounds "9"]
[EventCountry "GER"]
[SourceTitle "EXT 2024"]
[Source "ChessBase"]
[SourceDate "2023.10.10"]
[SourceVersion "1"]
[SourceVersionDate "2023.10.10"]
[SourceQuality "1"]

1. d4 d5 2. Nf3 Nc6 3. c3 e6 4. Bf4 Bd6 5. Bg3 Bxg3 6. hxg3 h6 7. Nbd2 Qe7 8. e4 Bd7 9. e5 f6 10. exf6 Qxf6 11. Bd3 Nge7 12. Qc2 g5 13. b4 Nd8 14. Ne5 Ndc6 15. Nxd7 Kxd7 16. Nb3 b6 17. b5 Nd8 18. 0-0 g4 19. f3 Qg7 20. f4 Rf8 21. f5 exf5 22. Bxf5+ Nxf5 23. Rxf5 Qg8 24. Re1 Kc8 25. Ree5 Rxf5 26. Qxf5+ Kb7 27. Rxd5 Qf7 28. a4 Qxf5 29. Rxf5 a6 30. bxa6+ Rxa6 31. a5 Nc6 32. axb6 Ra3 33. Nc5+ Kxb6 34. Ne4 Ra2 35. Rh5 Re2 36. Nf2 Kb7 37. Nxg4 Ne7 38. Re5 1-0

[Event "MVP-ch Seniors op 19th"]
[Site "Ostseebad Binz"]
[Date "2019.12.03"]
[Round "7"]
[White "Hellwege, Werner"]
[Black "Bachmann, Rolf"]
[Result "0-1"]
[WhiteElo "1830"]
[BlackElo "1948"]
[PlyCount "64"]
[EventDate "2019.11.27"]
[EventType "swiss"]
[EventRounds "9"]
[EventCountry "GER"]
[SourceTitle "EXT 2021"]
[Source "ChessBase"]
[SourceDate "2020.10.23"]
[SourceVersion "1"]
[SourceVersionDate "2020.10.23"]
[SourceQuality "1"]

1. d4 Nf6 2. c4 g6 3. Nc3 Bg7 4. e4 d6 5. Nf3 Nbd7 6. Be2 0-0 7. 0-0 e5 8. Be3 Ng4 9. Bg5 f6 10. Bc1 f5 11. exf5 gxf5 12. h3 Ngf6 13. dxe5 dxe5 14. Bg5 c6 15. Qc2 Qe8 16. Rad1 Qg6 17. Bxf6 Bxf6 18. b4 Kh8 19. Kh1 Rg8 20. Rg1 Nf8 21. b5 Qg7 22. Na4 Ng6 23. bxc6 bxc6 24. Rd6 e4 25. Ne1 Nf4 26. c5 Nxh3 27. Rf1 Nf4 28. Bc4 Qh6+ 29. Kg1 Nh3+ 30. Kh1 Nxf2+ 31. Kg1 Ng4 32. Nf3 Ne3 0-1

[Event "MVP-ch Seniors op 19th"]
[Site "Ostseebad Binz"]
[Date "2019.12.02"]
[Round "6"]
[White "Bachmann, Rolf"]
[Black "Gerks, Joachim"]
[Result "0-1"]
[WhiteElo "1948"]
[BlackElo "1755"]
[PlyCount "110"]
[EventDate "2019.11.27"]
[EventType "swiss"]
[EventRounds "9"]
[EventCountry "GER"]
[SourceTitle "EXT 2021"]
[Source "ChessBase"]
[SourceDate "2020.10.23"]
[SourceVersion "1"]
[SourceVersionDate "2020.10.23"]
[SourceQuality "1"]

1. d4 Nf6 2. c4 d6 3. Nc3 Nbd7 4. Nf3 c6 5. e4 e5 6. Bd3 exd4 7. Nxd4 Ne5 8. 0-0 Be7 9. b3 0-0 10. h3 Nxd3 11. Qxd3 Kh8 12. Bf4 Nd7 13. Rad1 Ne5 14. Qc2 Qc7 15. Bh2 a6 16. f4 Ng6 17. Kh1 b5 18. Qe2 Re8 19. cxb5 axb5 20. Rc1 Qb6 21. Bg1 Qa6 22. Nf5 Bf8 23. Qf3 d5 24. Ng3 dxe4 25. Ngxe4 Bb7 26. Ng5 Kg8 27. Qh5 h6 28. Nxf7 Kxf7 29. Qf5+ Kg8 30. Qxg6 b4 31. Na4 c5 32. Qxa6 Bxa6 33. Rfe1 Rxe1 34. Rxe1 c4 35. Nb6 Rd8 36. Nxc4 Bxc4 37. bxc4 Rd2 38. Re8 Kf7 39. Ra8 Rc2 40. c5 Rc1 41. Ra5 Ke6 42. Kh2 Kd5 43. Rb5 Kc4 44. Rb8 Be7 45. Re8 Bf6 46. Re2 Kb5 47. g4 Rf1 48. Bf2 Rc1 49. Kg2 Rc4 50. Be3 Bd4 51. Kf3 Bxe3 52. Rxe3 Rxc5 53. Re5 Kc4 54. Ke4 Rc7 55. Ra5 Rf7 0-1

[Event "MVP-ch Seniors op 19th"]
[Site "Ostseebad Binz"]
[Date "2019.11.30"]
[Round "4"]
[White "Bachmann, Rolf"]
[Black "Hiby, Harald"]
[Result "1-0"]
[WhiteElo "1948"]
[BlackElo "1796"]
[PlyCount "97"]
[EventDate "2019.11.27"]
[EventType "swiss"]
[EventRounds "9"]
[EventCountry "GER"]
[SourceTitle "EXT 2021"]
[Source "ChessBase"]
[SourceDate "2020.10.23"]
[SourceVersion "1"]
[SourceVersionDate "2020.10.23"]
[SourceQuality "1"]

1. d4 e6 2. c4 d5 3. Nc3 Nf6 4. Nf3 Be7 5. Bg5 Nbd7 6. e3 0-0 7. Bd3 h6 8. Bh4 dxc4 9. Bxc4 b6 10. 0-0 Bb7 11. a3 c5 12. Qe2 Ne4 13. Nxe4 Bxe4 14. Bg3 Bxf3 15. Qxf3 a6 16. dxc5 bxc5 17. Rfd1 Qe8 18. Qb7 Nf6 19. Bxa6 Qa4 20. Be2 Ra7 21. Qb5 Qe4 22. Bf3 Qa4 23. Qxa4 Rxa4 24. b3 Ra6 25. a4 Rd8 26. Bc7 Rxd1+ 27. Rxd1 c4 28. a5 cxb3 29. Rb1 Bb4 30. Rxb3 Bxa5 31. Ra3 Bxc7 32. Rxa6 g6 33. h3 Kg7 34. Kf1 Bd8 35. Ke2 Be7 36. Kd3 g5 37. Ra7 Bf8 38. Bc6 Bb4 39. g3 Be1 40. Ke2 Bb4 41. Rb7 Bd6 42. Rb5 Bc7 43. f4 gxf4 44. gxf4 Bd8 45. Kf3 Nh7 46. Rb7 Kf8 47. e4 h5 48. e5 f5 49. Rxh7 1-0

[Event "RLP Seniors op 17th"]
[Site "Neustadt an der Weinstrasse"]
[Date "2019.07.28"]
[Round "9"]
[White "Bachmann, Rolf"]
[Black "Schroeder, Klaus"]
[Result "1/2-1/2"]
[WhiteElo "1963"]
[BlackElo "1870"]
[PlyCount "40"]
[EventDate "2019.07.20"]
[EventType "swiss"]
[EventRounds "9"]
[EventCountry "GER"]
[SourceTitle "CBM 192 Extra"]
[Source "Chessbase"]
[SourceDate "2019.11.06"]
[SourceVersion "1"]
[SourceVersionDate "2019.11.06"]
[SourceQuality "1"]

1. d4 f5 2. c4 Nf6 3. Nc3 e6 4. Bf4 Bb4 5. a3 Bxc3+ 6. bxc3 0-0 7. Nf3 d6 8. Qc2 b6 9. e3 Nc6 10. Bd3 Ne7 11. 0-0 Ng6 12. Bg5 h6 13. Bxf6 Qxf6 14. Rfe1 e5 15. Bf1 e4 16. Nd2 Bd7 17. g3 Rae8 18. f4 exf3 19. Nxf3 Re7 20. Qf2 Rfe8 1/2-1/2

[Event "RLP Seniors op 17th"]
[Site "Neustadt an der Weinstrasse"]
[Date "2019.07.27"]
[Round "8"]
[White "Mentink, Toon"]
[Black "Bachmann, Rolf"]
[Result "1/2-1/2"]
[WhiteElo "1839"]
[BlackElo "1963"]
[PlyCount "112"]
[EventDate "2019.07.20"]
[EventType "swiss"]
[EventRounds "9"]
[EventCountry "GER"]
[SourceTitle "CBM 192 Extra"]
[Source "Chessbase"]
[SourceDate "2019.11.06"]
[SourceVersion "1"]
[SourceVersionDate "2019.11.06"]
[SourceQuality "1"]

1. Nf3 d5 2. b3 Nf6 3. Bb2 g6 4. e3 Bg7 5. d4 0-0 6. Nbd2 a5 7. Be2 Nc6 8. c4 e6 9. Ne5 Nb4 10. a3 Na6 11. c5 c6 12. b4 Bd7 13. Qb3 axb4 14. axb4 Nc7 15. 0-0 Qe7 16. Rxa8 Rxa8 17. Ra1 Rxa1+ 18. Bxa1 Qe8 19. Qa4 Qa8 20. Qxa8+ Nxa8 21. Nxd7 Nxd7 22. b5 cxb5 23. Bxb5 Nb8 24. Nb3 b6 25. Bc3 bxc5 26. Nxc5 Bf8 27. Ba5 Be7 28. g3 Kf8 29. Nd3 Bd6 30. Kf1 Nc7 31. Ba4 Ke7 32. Bb4 Bxb4 33. Nxb4 Nca6 34. Nd3 Nd7 35. Bb5 Nc7 36. Bxd7 Kxd7 37. Ne5+ Ke7 38. h3 h5 39. f4 Ne8 40. Kf2 Nd6 41. g4 hxg4 42. hxg4 Ne4+ 43. Kg2 Nd2 44. Kf2 Ne4+ 45. Kf1 Nd2+ 46. Ke2 Ne4 47. Kd3 Nf2+ 48. Kc2 Ne4 49. g5 Nd6 50. Kb3 Nf5 51. Ng4 Nd6 52. Kc3 Ne4+ 53. Kb4 Nd6 54. Kc5 Ne4+ 55. Kc6 Nd6 56. Kc7 Nf5 1/2-1/2

[Event "RLP Seniors op 17th"]
[Site "Neustadt an der Weinstrasse"]
[Date "2019.07.20"]
[Round "1"]
[White "Bachmann, Rolf"]
[Black "Lachat, Martin"]
[Result "1-0"]
[WhiteElo "1963"]
[BlackElo "1602"]
[PlyCount "99"]
[EventDate "2019.07.20"]
[EventType "swiss"]
[EventRounds "9"]
[EventCountry "GER"]
[SourceTitle "CBM 192 Extra"]
[Source "Chessbase"]
[SourceDate "2019.11.06"]
[SourceVersion "1"]
[SourceVersionDate "2019.11.06"]
[SourceQuality "1"]

1. c4 f5 2. Nc3 Nf6 3. g3 g6 4. Bg2 Bg7 5. f4 0-0 6. Nf3 d6 7. d4 c6 8. 0-0 Qc7 9. Qd3 e6 10. b3 Re8 11. Bb2 Nbd7 12. Nd2 e5 13. e3 e4 14. Qe2 Nf8 15. Rfc1 a6 16. a4 Bd7 17. b4 Rec8 18. a5 Qd8 19. Na4 Rab8 20. Nb6 Rc7 21. Bf1 Be8 22. Qd1 c5 23. bxc5 dxc5 24. d5 N8d7 25. Na4 Bf7 26. Rab1 Ne8 27. Ba3 Nd6 28. Qc2 Nc8 29. Nb3 Bf8 30. Be2 b5 31. axb6 Ncxb6 32. Na5 Qc8 33. Nc6 Rbb7 34. Bb2 Nxa4 35. Qxa4 Rb6 36. Be5 Rxb1 37. Rxb1 Nxe5 38. fxe5 Rb7 39. Ra1 Be8 40. Qd1 Bxc6 41. dxc6 Qxc6 42. Qd5+ Qxd5 43. cxd5 Bg7 44. Rxa6 Bxe5 45. Re6 Bg7 46. Rc6 Bf8 47. d6 Rd7 48. Bc4+ Kh8 49. Rc8 Kg7 50. Rc7 1-0

[Event "MVP-ch Seniors op 18th"]
[Site "Ostseebad Binz"]
[Date "2018.12.05"]
[Round "8"]
[White "Barlo, Werner"]
[Black "Bachmann, Rolf"]
[Result "0-1"]
[WhiteElo "1730"]
[BlackElo "1955"]
[PlyCount "80"]
[EventDate "2018.11.28"]
[EventType "swiss"]
[EventRounds "9"]
[EventCountry "GER"]
[SourceTitle "CBM 188 Extra"]
[Source "ChessBase"]
[SourceDate "2019.02.26"]
[SourceVersion "1"]
[SourceVersionDate "2019.02.26"]
[SourceQuality "1"]

1. Nf3 d5 2. d4 c6 3. Nbd2 f5 4. Ne5 Nf6 5. Ndf3 Ne4 6. Ng5 Nxg5 7. Bxg5 Qb6 8. Bc1 Nd7 9. Nxd7 Bxd7 10. e3 e6 11. Bd3 Be7 12. 0-0 0-0 13. c4 Qc7 14. f4 Kh8 15. Qh5 Rf6 16. Qh4 Be8 17. cxd5 exd5 18. Bd2 Qd7 19. Qh3 Bf7 20. g4 Rh6 21. Bxf5 Qxf5 22. Qg3 Qd7 23. h3 c5 24. Bc3 b5 25. dxc5 Bxc5 26. Kg2 d4 27. exd4 Bxd4 28. Rad1 Qc6+ 29. Kh2 Bxc3 30. bxc3 Rc8 31. Rf3 Rd6 32. Rfd3 Rxd3 33. Rxd3 Bxa2 34. h4 Qc7 35. Qf2 Bc4 36. Rd4 a5 37. Qe3 a4 38. Qd2 Bg8 39. Rd3 a3 40. Rd7 Qxc3 0-1

[Event "MVP-ch Seniors op 18th"]
[Site "Ostseebad Binz"]
[Date "2018.12.04"]
[Round "7"]
[White "Bachmann, Rolf"]
[Black "Selten, Ton"]
[Result "1/2-1/2"]
[WhiteElo "1955"]
[BlackElo "1883"]
[PlyCount "92"]
[EventDate "2018.11.28"]
[EventType "swiss"]
[EventRounds "9"]
[EventCountry "GER"]
[SourceTitle "CBM 188 Extra"]
[Source "ChessBase"]
[SourceDate "2019.02.26"]
[SourceVersion "1"]
[SourceVersionDate "2019.02.26"]
[SourceQuality "1"]

1. c4 Nf6 2. Nc3 g6 3. d4 Bg7 4. Nf3 d6 5. Bg5 h6 6. Bh4 0-0 7. e3 Bf5 8. h3 g5 9. Bg3 Nc6 10. Be2 Ne4 11. Nxe4 Bxe4 12. 0-0 e5 13. d5 Ne7 14. Nd2 Bg6 15. e4 f5 16. f3 Kh8 17. b4 Ng8 18. Qb3 Nf6 19. exf5 Bxf5 20. Bf2 Nh5 21. Rfe1 Nf4 22. Bf1 e4 23. Rad1 Nd3 24. Bxd3 exd3 25. Ne4 Qd7 26. Qxd3 Rf7 27. Bd4 Raf8 28. Bxg7+ Kxg7 29. Qc3+ Kg8 30. Nf2 h5 31. Rd2 g4 32. fxg4 hxg4 33. h4 Qd8 34. g3 Bg6 35. Re3 Rf3 36. Nxg4 Rf1+ 37. Kg2 Bh5 38. Nf2 Rb1 39. a3 a5 40. bxa5 Qd7 41. Rd4 Qg7 42. g4 Rxf2+ 43. Kxf2 Qf6+ 44. Rf3 Qxh4+ 45. Rg3 Qf6+ 46. Ke3 Qe5+ 1/2-1/2

[Event "Rheinland Pfalz op Seniors 16th"]
[Site "Neustadt an der Weinstrasse"]
[Date "2018.07.14"]
[Round "8"]
[White "Bachmann, Rolf"]
[Black "Wawrinsky, Ludwig"]
[Result "1-0"]
[WhiteElo "1936"]
[BlackElo "1710"]
[PlyCount "63"]
[EventDate "2018.07.07"]
[EventType "swiss"]
[EventRounds "9"]
[EventCountry "GER"]
[SourceTitle "EXT 2019"]
[Source "ChessBase"]
[SourceDate "2018.10.10"]
[SourceVersion "1"]
[SourceVersionDate "2018.10.10"]
[SourceQuality "1"]

1. c4 e5 2. Nc3 d6 3. g3 Nc6 4. Bg2 f5 5. d3 Nf6 6. e3 Be7 7. Nge2 0-0 8. 0-0 a6 9. Rb1 Rb8 10. b4 Qe8 11. b5 axb5 12. Nxb5 Bd8 13. Qc2 b6 14. Bd2 Bb7 15. a4 Nd7 16. Rfe1 Ne7 17. Bxb7 Rxb7 18. a5 bxa5 19. Nxd6 Rxb1 20. Nxe8 Rxe1+ 21. Bxe1 Rxe8 22. Bxa5 Nc6 23. Qa4 Re6 24. Bc3 Nc5 25. Qc2 g6 26. d4 exd4 27. exd4 Ne4 28. d5 Nxc3 29. dxe6 Nxe2+ 30. Qxe2 Bf6 31. Qf3 Ne7 32. Qa8+ 1-0

[Event "Ruhrgebiet Verbandsliga Gruppe 2 1718"]
[Site "Germany"]
[Date "2018.02.04"]
[Round "6.8"]
[White "Bachmann, Rolf"]
[Black "Chamsaz, Bezad"]
[Result "1-0"]
[WhiteElo "1799"]
[BlackElo "1235"]
[PlyCount "61"]
[EventDate "2017.09.17"]
[EventType "team-tourn"]
[EventRounds "9"]
[EventCountry "GER"]
[SourceTitle "EXT 2022"]
[Source "ChessBase"]
[SourceDate "2021.10.06"]
[SourceVersion "1"]
[SourceVersionDate "2021.10.06"]
[SourceQuality "1"]
[WhiteTeam "Hamm SV"]
[BlackTeam "Holsterhausen SK"]
[WhiteTeamCountry "GER"]
[BlackTeamCountry "GER"]

1. d4 d5 2. Nf3 Nc6 3. Bf4 e6 4. c4 Nf6 5. e3 Be7 6. Nc3 0-0 7. h3 b6 8. a3 a6 9. Rc1 Bb7 10. b4 dxc4 11. Bxc4 b5 12. Bd3 h6 13. 0-0 Bd6 14. Ne5 Ne7 15. Bh2 Ned5 16. Nxd5 Bxd5 17. Re1 Be4 18. Bxe4 Nxe4 19. Qf3 f5 20. Nd3 Qh4 21. Rc6 Nd2 22. Qe2 Nc4 23. Nc5 e5 24. dxe5 Nxe5 25. Bxe5 Bxe5 26. Nd7 Rfe8 27. Nxe5 Rxe5 28. Rxc7 f4 29. Qa2+ Kh7 30. Qf7 Qf6 31. Qxf6 1-0

[Event "MVP-ch Seniors op 17th"]
[Site "Binz"]
[Date "2017.12.07"]
[Round "9.18"]
[White "Manthey, Juergen"]
[Black "Bachmann, Rolf"]
[Result "1-0"]
[WhiteElo "2045"]
[BlackElo "1954"]
[PlyCount "51"]
[EventDate "2017.11.29"]
[EventType "swiss"]
[EventRounds "9"]
[EventCountry "GER"]
[SourceTitle "EXT 2019"]
[Source "ChessBase"]
[SourceDate "2018.10.10"]
[SourceVersion "1"]
[SourceVersionDate "2018.10.10"]
[SourceQuality "1"]

1. c4 c6 2. g3 d5 3. Nf3 Nf6 4. Bg2 Bf5 5. cxd5 Nxd5 6. 0-0 e6 7. d3 Nb6 8. Nc3 Be7 9. e4 Bg6 10. Be3 N8d7 11. Qe2 0-0 12. Rfd1 Qc7 13. Rac1 Rac8 14. d4 Qb8 15. a4 Bb4 16. Bf4 Bd6 17. a5 Na8 18. e5 Bb4 19. Ne4 Nc7 20. Nh4 Nb5 21. Nxg6 hxg6 22. Qg4 Bxa5 23. Qh3 Rfe8 24. Ng5 Nf8 25. Ne4 Bb6 26. Nf6+ 1-0

[Event "Ruhrgebiet Verbandsliga Gruppe 2 1718"]
[Site "Germany"]
[Date "2017.10.08"]
[Round "2.7"]
[White "Meise, Ulrich"]
[Black "Bachmann, Rolf"]
[Result "1/2-1/2"]
[WhiteElo "1858"]
[BlackElo "1811"]
[PlyCount "77"]
[EventDate "2017.09.17"]
[EventType "team-tourn"]
[EventRounds "9"]
[EventCountry "GER"]
[SourceTitle "EXT 2022"]
[Source "ChessBase"]
[SourceDate "2021.10.06"]
[SourceVersion "1"]
[SourceVersionDate "2021.10.06"]
[SourceQuality "1"]
[WhiteTeam "Gerthe Werne"]
[BlackTeam "Hamm SV"]
[WhiteTeamCountry "GER"]
[BlackTeamCountry "GER"]

1. e4 Nf6 2. Nc3 d5 3. exd5 Nxd5 4. Bc4 c6 5. d4 Bf5 6. Nf3 e6 7. 0-0 Nd7 8. Nxd5 cxd5 9. Bb5 a6 10. Bd3 Bxd3 11. Qxd3 Bd6 12. Re1 h6 13. Qb3 Nb6 14. c3 0-0 15. Ne5 Bxe5 16. Rxe5 Nc4 17. Rh5 Qd7 18. Qc2 f5 19. b3 Nd6 20. Ba3 Rfc8 21. Bxd6 Qxd6 22. Qd2 Rc6 23. Re1 Rac8 24. Rh3 Qc7 25. Rc1 b5 26. Qe3 Qd6 27. f4 b4 28. Qd2 Kh7 29. Rf3 Rxc3 30. Rfxc3 Rxc3 31. Re1 Rc6 32. h3 g6 33. Re5 Kg7 34. Qf2 a5 35. Qe2 Kf6 36. Qf2 Kg7 37. Qe2 Kf7 38. Qf2 Qd8 39. Re2 1/2-1/2

[Event "Rheinland Pfalz op Seniors 15th"]
[Site "Neustadt an der Weinstrasse"]
[Date "2017.07.21"]
[Round "7"]
[White "Bachmann, Rolf"]
[Black "Schroeder, Klaus"]
[Result "1-0"]
[WhiteElo "1943"]
[BlackElo "1865"]
[PlyCount "43"]
[EventDate "2017.07.15"]
[EventType "swiss"]
[EventRounds "9"]
[EventCountry "GER"]
[SourceTitle "EXT 2018"]
[Source "ChessBase"]
[SourceDate "2017.10.13"]
[SourceVersion "1"]
[SourceVersionDate "2017.10.13"]
[SourceQuality "1"]

1. d4 Nf6 2. Nf3 e6 3. Bg5 h6 4. Bh4 b6 5. e3 Bb7 6. c4 Bb4+ 7. Nc3 0-0 8. Bd3 d6 9. Rc1 Nbd7 10. 0-0 Bxc3 11. Rxc3 c5 12. Bb1 Qc7 13. Nd2 Nh7 14. Qc2 f5 15. f3 Nhf6 16. d5 exd5 17. Qxf5 Ne4 18. Qe6+ Kh8 19. fxe4 Rae8 20. Rxf8+ Rxf8 21. exd5 Nf6 22. Bxf6 1-0

[Event "Ruhrgebiet Bezirksliga 16/17"]
[Site "Ruhrgebiet"]
[Date "2016.08.28"]
[Round "1.2"]
[White "Beulertz, Stefan"]
[Black "Bachmann, Rolf"]
[Result "1-0"]
[WhiteElo "1922"]
[BlackElo "1832"]
[PlyCount "73"]
[EventDate "2016.08.28"]
[EventType "team-tourn"]
[EventRounds "11"]
[EventCountry "GER"]
[SourceTitle "EXT 2022"]
[Source "ChessBase"]
[SourceDate "2021.10.06"]
[SourceVersion "1"]
[SourceVersionDate "2021.10.06"]
[SourceQuality "1"]
[WhiteTeam "Werl SC 1981"]
[BlackTeam "Hamm SV II"]
[WhiteTeamCountry "GER"]
[BlackTeamCountry "GER"]

1. e4 Nf6 2. e5 Nd5 3. d4 d6 4. Nf3 Bg4 5. Be2 e6 6. c4 Nb6 7. exd6 cxd6 8. h3 Bh5 9. 0-0 Be7 10. Nc3 0-0 11. b3 Bf6 12. Be3 Bg6 13. Rc1 N8d7 14. a4 a5 15. Nb5 Be7 16. Bf4 Nf6 17. Nd2 Qd7 18. Bf3 Nc8 19. Re1 Na7 20. g4 Rfc8 21. g5 Ne8 22. Nxa7 Rxa7 23. Qe2 Bf5 24. Bg4 Bxg4 25. Qxg4 Qd8 26. d5 e5 27. Be3 b6 28. Bxb6 Rcc7 29. Bxa7 Rxa7 30. Ne4 Rb7 31. Re3 Qb8 32. Rcc3 g6 33. h4 Ng7 34. Ng3 Qd8 35. Rf3 f6 36. gxf6 Bxf6 37. Rxf6 1-0